000 00982nam a2200241 i 4500
001 bg
100 1 _aECKES, Teresa
245 1 0 _aĆwiczenia z geomorfologii dla geodetów /
_cTeresa Eckes.
260 _aKraków :
_bAGH. Uczelniane Wydawnictwa Naukowo-Dydaktyczne,
_c2001.
300 _a43, [1] s., [7] s. tabl. złoż. :
_bil. ;
_c24 cm.
490 1 _aSkrypty Uczelniane / Akademia Górniczo-Hutnicza im. Stanisława Staszica w Krakowie,
_x0239-6114 ;
_v1352
504 _aBibliogr.
650 9 _aGeomorfologia
655 _aPodręczniki akademickie
830 0 _aSkrypty Uczelniane (Akademia Górniczo-Hutnicza im. Stanisława Staszica w Krakowie) ;
_v1352
015 _aPB 19240/2001
040 _cBPK
041 0 _apol
080 _a551.4(075.8)
942 _cKS
008 s pl f |000 0 pol
999 _c46405
_d46405
856 _uhttp://koha.tu.koszalin.pl/cgi-bin/koha/opac-detail.pl?biblionumber=46405
_yKatalog online BPK